Formel 1 Top 3 Fahrer Großbritanniens - Statistiken

Allgemein
  • Dieses Quiz wurde 282 mal gespielt
  • Das Durchschnittsergebnis liegt bei 14 aus 51
Antwortstatistiken
Antwort % Korrekt
Lewis Hamilton
100%
George Russell
93%
Lando Norris
93%
Button / di Resta
89%
Jenson Button
89%
Damon Hill
76%
Graham Hill
76%
David Coulthard
64%
Nigel Mansell
64%
James Hunt
60%
Jackie Stewart
56%
Jim Clark
52%
Eddie Irvine
47%
Stirling Moss
42%
Mike Hawthorn
40%
John Surtees
38%
Paul di Resta
37%
Jolyon Palmer
24%
Jonathan Palmer
24%
Tony Brooks
20%
John Watson
19%
Johnny Herbert
18%
Martin Brundle
17%
Max Chilton
15%
Mark Blundell
13%
Peter Collins
11%
Peter Gethin
8%
Anthony Davidson
7%
Derek Warwick
7%
Will Stevens
7%
Innes Ireland
6%
Martin Donnelly
5%
Tom Pryce
5%
Jackie Oliver
4%
Johnny Dumfries
4%
Justin Wilson
4%
Peter Whitehead
4%
Brian Henton
3%
Brian Redman
3%
Piers Courage
3%
Brian Shawe-Taylor
2%
Mike Hailwood
2%
Reg Parnell
2%
Bob Gerard
1%
Dennis Poore
1%
Geoff Lees
1%
Jack Fairman
1%
Ken Wharton
1%
Peter Walker
1%
Rupert Keegan
1%
Tony Brise
1%
Keine übereinstimmenden Quizze gefunden
Verteilung der Resultate
Anzahl Personen mit jedem Resultat
Perzentil nach korrekt beantworteten Fragen
Ihre Resultats-Entwicklung
Sie haben dieses Quiz noch nicht gespielt